1733 1841 1032 1576 1729 1130 1188 1699 1932 1761 1757 1676 1980 1576 1035 1108 1986 1708 1919 1326 1393 1478 1607 1961 1269 1704 1082 1568 1886 1518 1617 1691 1576 1620 1682 1142 1402 1657 1797 1547 1339 1091 1631 1484 1803 1438 1628 1022 1527 1700 1589 1284 1462 2000 1558 1325 1798 1319 1075 1945 1805 1298 1511 1637 1963 1247 1178 1542 1472 1900 1088 1927 1640 1314 1048 1593 1642 1285 1211 1191 1258 1726 1970 1076 1810 1471 1199 1784 1644 1555 1357 1544 1038 1151 1751 1425 1781 1445 1419 BCNSPRNW ULIB Ver.6.0+V

เปลี่ยนเป็นภาษาไทย

Change to English
 แสดงรายละเอียดบรรณานุกรม
  กลับหน้าหลัก

Brief Record : Get Marc (ISO 2709) : E-mail record : QR code < ปิดหน้าต่าง
LEADER : 00000nam 2200000uu 4500
001    13399109320
003     ULIB
008    110329s2549||||th 000 0 tha d
060 04 WA590^bจ425ก 2549
100 0  จิตติมา ภาวะกุล
245 10 การให้ความรู้ทางสุขภาพเพื่อพัฒนาพฤติกรรมสุขภาพ:แนวคิด แนวทาง และแนวปฏิบัติ /^cจิตติมา ภาวะกุล
260    ม.ป.ท.
300    102 หน้า
650  7 การให้ความรู้ทางสุขภาพ
650  7 พฤติกรรมสุขภาพ
945    ^p0^l0^i019495
995    ทศพร
999 ^a ใช้งานได้ทุกระบบ
รายการนี้ยังไม่มีแท็ก
คุณยังไม่ได้ล็อกอิน คุณสามารถมีกิจกรรมร่วมกับเว็บไซต์ได้ แต่ต้องล็อกอินก่อน ::
  ล็อกอิน

รายการสื่อสารสนเทศ

ลำดับที่ ประเภท เลขเรียก/บาร์โค้ด สถานที่ สถานะ
- ไม่พบข้อมูล -

รายการใกล้เคียง
    หัวเรื่อง [พฤติกรรมสุขภาพ]

BibComment


ยังไม่เคยถูกคอมเมนท์

คอมเมนท์ทรัพยากรรายการนี้
  คอมเมนท์: การให้ความรู้ทางส..


 Copyright 2026. Bcnsprnw @Library